Enciclopedia ilustrada de la exploracion del espacio : (Record no. 6790)

000 -CABECERA
fixed length control field 00937nam a22002057a 4500
003 - IDENTIFICADOR DEL NÚMERO DE CONTROL
control field AR-CdUCM
008 - DATOS DE LONGITUD FIJA--INFORMACIÓN GENERAL
fixed length control field 190319b ||||| |||| 00| 0 spa d
040 ## - FUENTE DE LA CATALOGACIÓN
Agencia/entidad que catalogó originalmente la obra MUNICIPALIDAD PROVINCIAL DEL CUSCO
Entidad que transcribió la catalogación BIBLIOTECA MUNICIPAL DEL CUSCO
082 ## - NÚMERO DE LA CLASIFICACIÓN DECIMAL DEWEY
No. de Clasificación 603 /
Notacion interna G28
100 ## - ENTRADA PRINCIPAL--NOMBRE DE PERSONA
Nombre Personal Gatland, Kenneth
245 ## - MENCIÓN DE TÍTULO
Título Enciclopedia ilustrada de la exploracion del espacio :
Resto del título Historia de la Tecnologia Espacial /
260 ## - PUBLICACIÓN, DISTRIBUCIÓN, ETC.
Lugar de publicación, distribución, etc. España :
Nombre de la editorial, distribuidor, etc. Quarto, S.A. ,
Fecha de publicación, distribución, etc. 1984.
300 ## - DESCRIPCIÓN FÍSICA
Nº de Páginas Extensión 297 páginas ;
Dimensiones 30.3 cm.
505 ## - NOTA DE CONTENIDO CON FORMATO
Nota de contenido formateada Contenido : 1.- Los Precursores del Espacio 2.- El hombre franquea las fronteras del espacio 3.- Los centros espaciales 4.-El hombre en el espacio 5.- Utilizacion militar del espacio 6.- Voces que vienen del cielo 7.- La metereologia 8 .- Observacion del planeta tierra...
650 ## - PUNTO DE ACCESO ADICIONAL DE MATERIA--TÉRMINO DE MATERIA
Descriptor Enciclopedias Tecnologicas
9 (RLIN) 19122
650 ## - PUNTO DE ACCESO ADICIONAL DE MATERIA--TÉRMINO DE MATERIA
Descriptor Astrologia
9 (RLIN) 7684
650 ## - PUNTO DE ACCESO ADICIONAL DE MATERIA--TÉRMINO DE MATERIA
Descriptor Viajes Espaciales
9 (RLIN) 18598
942 ## - ELEMENTOS DE PUNTO DE ACCESO ADICIONAL (KOHA)
Fuente de clasificación
Tipo de item Libros-BMC
945 ## - PROCESAMIENTO DE INFORMACIÓN LOCAL (OCLC)
Catalogador rtm
Holdings
Estado de retiro (separado) Fuente de clasificación o esquema de estanterías Estado dañado Ubicación Sala donde se ubica Nombre de la colección Fecha de adquisición o compra Costo, precio normal en soles Signatura topográfica Código de Barras Última vez visto (Koha) Tipo de ítem (Koha)
No     Sala Ciencias Sala Ciencias Book Cart 2019-03-19 80.00 603 / G28 SC0000000212 2019-03-19 Libros-BMC
No     Sala Ciencias Sala Ciencias Book Cart 2019-03-19 80.00 603 / G28 /t.2 SC0000000213 2019-03-19 Libros-BMC

Powered by Koha